<?xml version="1.0" encoding="UTF-8"?>
<record
    xmlns:xsi="http://www.w3.org/2001/XMLSchema-instance"
    xsi:schemaLocation="http://www.loc.gov/MARC21/slim http://www.loc.gov/standards/marcxml/schema/MARC21slim.xsd"
    xmlns="http://www.loc.gov/MARC21/slim">

  <leader>06666njm a2200529Ia 4500</leader>
  <controlfield tag="001">E7066</controlfield>
  <controlfield tag="003">IT-RoPAU</controlfield>
  <controlfield tag="005">20220918181113.0</controlfield>
  <controlfield tag="008">131025s9999    xx            000 0 und d</controlfield>
  <datafield tag="040" ind1=" " ind2=" ">
    <subfield code="a">IT-RoPAU</subfield>
  </datafield>
  <datafield tag="040" ind1=" " ind2=" ">
    <subfield code="c">IT-RoPAU</subfield>
  </datafield>
  <datafield tag="999" ind1=" " ind2=" ">
    <subfield code="c">99198</subfield>
    <subfield code="d">99198</subfield>
  </datafield>
  <datafield tag="999" ind1=" " ind2=" ">
    <subfield code="b">n.d.</subfield>
  </datafield>
  <datafield tag="100" ind1=" " ind2=" ">
    <subfield code="a">AA.VV.</subfield>
    <subfield code="9">794</subfield>
  </datafield>
  <datafield tag="100" ind1=" " ind2=" ">
    <subfield code="e">Autore musica</subfield>
    <subfield code="9">31766</subfield>
  </datafield>
  <datafield tag="100" ind1=" " ind2=" ">
    <subfield code="g">Codice autore musica SPICS: 12000</subfield>
    <subfield code="9">796</subfield>
  </datafield>
  <datafield tag="245" ind1=" " ind2=" ">
    <subfield code="a">Not So Quiet</subfield>
  </datafield>
  <datafield tag="250" ind1=" " ind2=" ">
    <subfield code="a">2a ed.</subfield>
  </datafield>
  <datafield tag="260" ind1=" " ind2=" ">
    <subfield code="a">MILANO</subfield>
  </datafield>
  <datafield tag="260" ind1=" " ind2=" ">
    <subfield code="b">RUSCONI</subfield>
    <subfield code="c">1997 [1a Ed.:]</subfield>
  </datafield>
  <datafield tag="300" ind1=" " ind2=" ">
    <subfield code="a">COMPACT DISC</subfield>
  </datafield>
  <datafield tag="300" ind1=" " ind2=" ">
    <subfield code="c">73 minuti (Testo:  pag.)</subfield>
  </datafield>
  <datafield tag="500" ind1=" " ind2=" ">
    <subfield code="a">Musica jazz. Brani di autori vari.</subfield>
  </datafield>
  <datafield tag="505" ind1=" " ind2=" ">
    <subfield code="a">Baby Won't You Please Come Home [(Chicago 1928) (3:00)] - Shim Me Sha Wabble (New York 1928) (3:00)] - Ain't Cha Glad? [(New York 1933) (4:00)] - Sometimes I'm Happy [(New York 1935) (4:00)] - The Last Round Up [(Chicago 1936) (3:00)] - I Hope Gabriel Likes My Music [(Chicago 1936) (4:00)] - China Boy [(Chicago 1936) (3:00)] - Bugle Call Rag [(Hollywood 1936) (3:00)] - Sing, Sing, Sing [(New York 1938) (12:00)] - Drummin' Man [(Chicago 1939) (3:00)] - Blue Rhythm Fantasy [(New York 1940) (6:00)] - Drum Boogie [(1941) (4:00)] - Ball of Fire [(New York 1941) (4:00)] - Dear Old Southland [(New York 1941) (4:00)] - That Drummer's Band [(New York 1942) (4:00)] - Limehouse Blues [(New York 1943) (3:00)] - Not So Quiet, Please [(1944) (3:00)] - What's This? [(Hollywood 1945) (3:00)] - Dark Eyes [(Hollywood 1945) (4:00)] - How High the Moon [(New York 1946) (4:00)]</subfield>
  </datafield>
  <datafield tag="511" ind1=" " ind2=" ">
    <subfield code="a">Spanier Muggsy: corn;Teschmacher Frank: cl; Mezzrow Mezz: ten; Sullivan Joe: p; Condon Eddie: bjo, voc; Lanigan Jim: tuba; Krupa Gene: batt; Chicago Rhythm Kings</subfield>
  </datafield>
  <datafield tag="511" ind1=" " ind2=" ">
    <subfield code="a">Nichols Red: corn; Mole Miff: trne; Teschmacher Frank: cl; Sullivan Joe: p; Condon Eddie: bjo; Krupa Gene: batt; Miff Mole's Little Molers</subfield>
  </datafield>
  <datafield tag="511" ind1=" " ind2=" ">
    <subfield code="a">Teagarden Charlie; Klein Mannie: tr; Teagarden Jack: trne, voc; Goodman Benny: cl;.Karle Art: ten, schutt art; Froeba Frank: p; McDonough Dick: chit; Bernstein Art: cb; Krupa Gene: batt; Benny Goodman and His Orchestra</subfield>
  </datafield>
  <datafield tag="511" ind1=" " ind2=" ">
    <subfield code="a">Kazebier Nate, Berigan Bunny, Muzillo Ralph: tr; Ballard Red, Lacey Jack: trne; Eoodman Benny: cl; Mondello Toots, Schertzer Hymie: alto; Rollini Arthur, Clark Dick: ten; Froeba Frank: p; Van Eps George: chit; Goodman Harry: cb; Krupa Gene: batt; Henderson Fletcher: arr; Benny Goodman and His Orchestra</subfield>
  </datafield>
  <datafield tag="511" ind1=" " ind2=" ">
    <subfield code="a">Kazebier Nate: tr; Harris Joe: trne; Goodman Benny: cl; Clark Dick: ten; Stacy Jess: p; Reuss Allen: chit; Crosby Israel: cb; Krupa Gene: batt; Gene Krupa and His Chicagoans</subfield>
  </datafield>
  <datafield tag="511" ind1=" " ind2=" ">
    <subfield code="a">Eldridge Roy: tr;.Goodman Benny: cl; Berry Chu: ten; Stacy Jess: p; Reuss Allen: chit; Crosby Israel: cb; Krupa Gene: batt; Gene Krupa's Swing Band</subfield>
  </datafield>
  <datafield tag="511" ind1=" " ind2=" ">
    <subfield code="a">Goodman Benny: cl; Wilson Teddy: p; Krupa Gene: batt; Benny Goodman Trio</subfield>
  </datafield>
  <datafield tag="511" ind1=" " ind2=" ">
    <subfield code="a">Erwin Pee Wee, Bose Sterling, Griffin Gordon: tr; Ballard Red, McEachern Murray: trne; Goodman Benny: cl; Schertzer Hymie De Pew Bill: alto; Rollini Arthur, Clark Dick, Musso Vido: ten; Stacy Jess: p; Reuss Allen: chit; Goodman Harry: cb; Krupa Gene: batt; Kincaide Dean: arr; Benny Goodman and His Orchestra</subfield>
  </datafield>
  <datafield tag="511" ind1=" " ind2=" ">
    <subfield code="a">James Harry, Elman Ziggy, Griffin Gordon: tr; Ballard Red, McEachern Murray: trne; Goodman Benny: cl; Schertzer Hymie, Koenig George: alto; Rollini Arthur, Musso Vido: ten; Stacy Jess: p; Reuss Allen: chit; Goodman Harry: cb; Krupa Gene: batt; Mundy Jimmy: arr; Benny Goodman and His Orchestra</subfield>
  </datafield>
  <datafield tag="511" ind1=" " ind2=" ">
    <subfield code="a">Cornelius Corky, Halten Torg, Kazebier Nate: tr; Jordan Al, Brantley Sid, O'Brien Floyd: trne; Musiker Sam: cl, ten; Snyder Bob, Nealgey Clint: alto; Donahue Sam: ten; D'Amore Tony: p; Biondi Ray: chit; Bastien Biddy: cb; Krupa Gene: batt; Daye Irene: voc; Norman Fred: arr; </subfield>
  </datafield>
  <datafield tag="511" ind1=" " ind2=" ">
    <subfield code="a">Young Graham, Murphy Norman, Halten Torg, Eldridge Roy: tr; Wagner Babe, Kelliher Jay, Grassi John: trne; Mascagni Ruffo, Neagley Clint: alto; Musiker Sam, Bates Walter: ten; Raskin Milt: p; Biondi Ray: chit; Bastien Biddy: cb; Krupa Gene: batt; O'Day Anita: voc; Gene Krupa and His Orchestra</subfield>
  </datafield>
  <datafield tag="511" ind1=" " ind2=" ">
    <subfield code="a">Young Graham, Murphy Norman, Beck Al, Eldridge Roy: tr; Wagner Babe, Kelliher Jay, Grassi John: trne; Musiker Sam: cl, alto; Mascagni Ruffo: alto; Migliore Jimmy, Bates Walter: ten; Listengart Sam: bar; Raskin Milt: p; Biondi Ray: chit; Michelich Ed: cb; Krupa Gene: batt; O'Day Anita: voc; Gene Krupa and His Orchestra</subfield>
  </datafield>
  <datafield tag="511" ind1=" " ind2=" ">
    <subfield code="a">James Harry, Eldridge Roy, Williams Cootie: tr; Higgibotham J.C., McGarity Lou: trne; Goodman Benny: cl; Mondello Toots, Carter Benny: alto; Musso Vido, Beneke Tex: ten; Basie Count: p; Greene Freddie: chit; Goldberg Doc: cb; Krupa Gene: batt; Gene Krupa and His Orchestra</subfield>
  </datafield>
  <datafield tag="511" ind1=" " ind2=" ">
    <subfield code="a">Mangano Mickey, Murphy Norman, Beck Al, Eldridge Roy: tr; Philips Greg, Pederson Tommy, Wagner Babe: trne; Musiker Sam: cl, alto; Freeman Ben: alto; Migliore Jimmy, Brassfield Don: ten; Sittig Rex: bar; Springer Joe: p;.Walters Teddy: chit; Michelich Ed: cb; Krupa Gene: batt; Hill Elton: arr; Metronome All-Stars</subfield>
  </datafield>
  <datafield tag="511" ind1=" " ind2=" ">
    <subfield code="a">Goodman Benny: cl; Stacy Jess: p; Krupa Gene: batt; Benny Goodman Trio</subfield>
  </datafield>
  <datafield tag="511" ind1=" " ind2=" ">
    <subfield code="a">Leperche Sal, Mangano Vito, Pierce Dale, Seaberg George: tr; Dorsey Tommy, Benson Walter, Riddle Nelson Satterwhite: trne; Defranco Buddy: cl, alto; Cooper Sid: alto; Sabol Mickey, Curtis Gail, Branson Bruce: ten; Marmarosa Dodo: p; Block Sid: cb; Krupa Gene: batt; Oliver Sy: arr; Tommy Dorsey and His Orchestra</subfield>
  </datafield>
  <datafield tag="511" ind1=" " ind2=" ">
    <subfield code="a">Russo Tony, Triscari Joe, Fagerquist Don, Conrad Bill: tr; Cox Leon, Pederson Tommy, Cully Bill: trne; Olson Stewart, Williams Murray: alto; Ventura Charlie, Pine Andy, Antonelli Francis: ten; Napoleon Teddy: p; Yance Edward: chit; Shulman Jacob, Pariante Vic, Biondi Ray, Blume Ted, Reisler Jerome: viol; Powell Paul, Grossman George: viola; Eherenworth Julius: cello; Newcomb Clyde: cb; Zito Louis: batt; Krupa Gene: batt; Lambert Dave, Stewart Buddy: voc; Johnson Budd: arr; Gene Krupa and His Orchestra</subfield>
  </datafield>
  <datafield tag="511" ind1=" " ind2=" ">
    <subfield code="a">Ventura Charlie: ten; Napoleon Teddy: p; Krupa Gene: batt; Gene Krupa Trio</subfield>
  </datafield>
  <datafield tag="511" ind1=" " ind2=" ">
    <subfield code="a">Triscari Joe, Triscari Ray, Anelli Toni, Rodney Red: tr; Taylor Dick, Covington Warren, Elmer Ziggy, Seeman Ben: trne; Schwartz Jack, Terrill Harry, Kennedy Charlie: alto; Ventura Charlie, Wise Buddy: ten; Napoleon Teddy: p; White Hy: chit; Munoz Bob: cb; Dale Jo: batt; Krupa Gene: dir, batt; Mulligan Gerry: arr; Gene Krupa and His Orchestra</subfield>
  </datafield>
  <datafield tag="650" ind1=" " ind2=" ">
    <subfield code="a">JAZZ [COMPACT DISC]</subfield>
    <subfield code="e">Codice MATERIA SPICS: 9949</subfield>
    <subfield code="9">11822</subfield>
  </datafield>
  <datafield tag="700" ind1=" " ind2=" ">
    <subfield code="a">Krupa Gene</subfield>
    <subfield code="g">Codice interprete SPICS: 10968</subfield>
    <subfield code="e">Interprete</subfield>
    <subfield code="9">31767</subfield>
  </datafield>
  <datafield tag="700" ind1=" " ind2=" ">
    <subfield code="a">AA.VV.</subfield>
    <subfield code="g">Codice autore testo/musica SPICS: 12000</subfield>
    <subfield code="e">Autore testo/musica</subfield>
    <subfield code="9">31768</subfield>
  </datafield>
  <datafield tag="942" ind1=" " ind2=" ">
    <subfield code="c">CD</subfield>
    <subfield code="2">ddc</subfield>
  </datafield>
  <datafield tag="952" ind1=" " ind2=" ">
    <subfield code="0">0</subfield>
    <subfield code="1">0</subfield>
    <subfield code="4">0</subfield>
    <subfield code="6">E_7066_000000000000000</subfield>
    <subfield code="7">1</subfield>
    <subfield code="a">SPICS</subfield>
    <subfield code="b">SPICS</subfield>
    <subfield code="d">2013-10-25</subfield>
    <subfield code="l">0</subfield>
    <subfield code="o">E7066</subfield>
    <subfield code="r">2013-10-25 00:00:00</subfield>
    <subfield code="w">2013-10-25</subfield>
    <subfield code="y">CD</subfield>
    <subfield code="z">Progr. Ins.: 2579 / N.Vol.: 1 / Copie: 1 - Copia rara: n.d. / date import: 01.01.2014 - By Epidotti, Trombetti, Vaglietti</subfield>
  </datafield>
</record>
